000 00608nam a22001457a 4500
020 _a0-385-33946-1
082 _a823
_bSLA/T
100 _aSLAUGHTER KARIN
245 _aTRIPTYCH
260 _aNEW YORK
_bBANTAM DELL
_c2006
300 _a392
520 _aWill Trent of the Georgia Bureau of Investigation is on the trail of a serial rapist with a gruesome inclination, when he comes into contact with Michael Ormewood, an Atlanta homicide detective. Ormewood has a dark past and it involves Angie Polaski, a vice cop who is the only woman Will has ever loved.
650 _aNOVEL
_zUNITED STATES
942 _cBK
999 _c2424
_d2424